Stolice Ameryki Północnej na mapie - Statystyki

Ogólne statystyki
  • Ten quiz został rozwiązany 217 razy
    216 od ostatniego zresetowania
  • Średni wynik to 14 z 43
Odpowiedzi na mapie
Odpowiedzi zakodowano w zielono-czerwonej skali na mapie do tego quizu, zgodnie z poniższymi procentami.
 
Statystyki odpowiedzi
Państwo Stolica % Poprawnych
Kanada Ottawa
95%
Stany Zjednoczone Waszyngton
94%
Meksyk Meksyk
90%
Panama Panama
78%
Kuba Hawana
73%
Gwatemala Gwatemala
71%
Jamajka Kingston
66%
Saint Vincenti Grenadyny Kingstown
66%
Salwador San Salvador
59%
Kostaryka San José
58%
Honduras Tegucigalpa
53%
Dominikana Santo Domingo
52%
Belize Belmopan
51%
Bahamy Nassau
49%
Haiti Port-au-Prince
49%
Nikaragua Managua
47%
Trynidad i Tobago Port-of-Spain
34%
Dominika Roseau
32%
Grenada Saint George's
28%
Barbados Bridgetown
27%
Antigua i Barbuda Saint John's
25%
Grenlandia Nuuk
23%
Saint Lucia Castries
18%
Gwadelupa Basse-Terre
17%
Saint Kitts i Nevis Basseterre
17%
Portoryko San Juan
14%
Kajmany George Town
8%
Turks i Caicos Cockburn Town
5%
Bermudy Hamilton
5%
Saint-Pierre i Miquelon Saint-Pierre
5%
Montserrat Brades
4%
Wyspy Dziewicze Stanów Zjednoczonych Charlotte Amalie
4%
Saint-Barthélemy Gustavia
4%
Montserrat Plymouth
4%
Brytyjskie WyspyDziewicze Road Town
4%
Anguilla The Valley
4%
Saint-Martin Marigot
3%
Navassa Navassa
3%
Sint Maarten Philipsburg
3%
Saba The Bottom
3%
Martynika Fort-de-France
2%
Sint Eustatius Oranjestad
2%
Wyspa Clippertona Clipperton/Wyspa Clippertona
1%
Nie znaleziono quizów pasujących do podanych kryteriów
Rozkład punktacji
Procent ludzi z każdym wynikiem
Percentyl według liczby udzielonych odpowiedzi
Twoja historia wyników
Nie rozwiązałeś tego quizu od ostatniego zresetowania